01734nam a2200481 i 450000100060000000300090000600500170001500800390003201500170007102000150008804000280010304100130013104600090014408000130015308000130016608000100017908000100018910000350019924501070023426000510034130000420039233600270043433700540046133800280051538000160054338000230055938800140058238800140059649000820061050000750069250400270076754600190079465000220081365000330083565000150086865000160088365000240089965800130092371000770093683000620101385600980107585600790117329695KOSZ 00520220721083553.0970510s1992 pl a f |000 0 pol aPB 1993/7675 a839005101X aWA NcWA NdKOSZ 005/HR0 apolbeng k1992 a597.2/.5 a57.017.6 a591.3 a519.61 aHeese, Tomaszd(1959- )eAutor10aOptymalizacja metody określania tempa wzrostu ryb za pomocą odczytów wstecznych /cTomasz Heese. aKoszalin :bWydawnictwo Uczelniane WSI,c1992. a153, [37] s. :brys., wykr. ;c24 cm. 2rdacontentaTekstbtxt 2rdamediaaBez urządzenia pośredniczącegobn 2rdacarrieraWoluminbnc aKsiążki aPublikacje naukowe a1901-2000 a1989-20001 a[Monografie / Wyższa Szkoła Inżynierska w Koszalinie],x0239-7129 ;v42. aNa s. red. : Monografia Wydziału Inżynierii Lądowej i Sanitarnej. aBibliogr. s. 131-149.  aStreszcz. ang. 4aRyby słodkowodne 4aWzrost i rozwój (biologia) 4aOntogeneza 4aZwierzęta 4aModele matematyczne aBiologia2 aWydawnictwo Uczelniane (Wyższa Szkoła Inżynierska ; Koszalin)4pbl. 0aMonografie - Wyższa Szkoła Inżynierska, Koszalinv42 uhttp://koha.tu.koszalin.pl/cgi-bin/koha/opac-detail.pl?biblionumber=29695yKatalog online BPK uhttp://dlibra.tu.koszalin.pl/dlibra/docmetadata?id=462yBiblioteka Cyfrowa